00614nam a2200193Ia 4500008004100000020001500041041001200056082001600068100001600084245005900100250000800159260002900167300000800196650001600204700001800220942000700238999001500245952016000260221030s9999 xx 000 0 und d a817029617X aEnglish a105.23bRei aK. Reichard 0aTeach Yourself....UNIXcby K. Reichard , E. F. Johnson a3RD bBPB PubaNew Delhic1995 a380 aBE Computer aE. F. Johnson cBK c8466d8466 pBE 708g380.00l0o105.23 Reir2024-06-13 00:00:00w2022-10-30yBK003Print4071aMIETLIBbMIETLIBcBL-Second, FL-1, CUP-56, SH-1, R-1d1999-11-0710HBE